000 00586nam a2200217 a 4500
008 170223b1979 ag ||||| |||| 00| 0 spa d
020 _a8433524186
041 _aspa
092 _c391
_l18
_sDAW
100 1 _aDawkins, Richard
_93160
245 3 _aEl gen egoista /
_cRichard Dawkins
250 _a1a ed.
260 _aBarcelona:
_bLabor;
_c1979.
300 _a301 p.
500 _aDawkins, R. (1979). El gen egoĆ­sta. (1a ed.). Barcelona : Labor.
590 _aDonacion Dra. Dora Vera 2017
653 _aFilosofia
653 _aHombre
653 _aExistencia
942 _2ddc
_cBK
999 _c2329
_d2329